00000000nam##2200000za#4500
0019.574189
003CaOODSP
00520210624184049
007cr |||||||||||
008150406|2005||||xxc|||||o    f|0| 0 eng|d
022 |a1488-5379
040 |aCaOODSP|beng
043 |an-cn---
0861 |aFs97-6/2603E-PDF
1101 |aCanada. |bDepartment of Fisheries and Oceans. |bPacific Region.
24510|aPuntledge River high temperature study : |h[electronic resource]|binfluence of high water temperature on adult chinook salmon (Oncorhynchus tshawytscha) / |cby J.O.T. Jensen ... [et al.].
260 |aNanaimo - British Columbia : |bFisheries and Oceans Canada. |cc2005.
300 |a35p.|bgraphs, references, tables
4901 |aCanadian technical report of fisheries and aquatic sciences|x1488-5379|vNo. 2603
500 |aThe catalogue number (Fs97-6/2603E) and ISSN (0706-6457) for the print edition have been incorrectly copied in this electronic publication.
546 |a(Résumé en français)
590 |a12-23-Supp|b2012-05-28
7201 |aJensen, J. O. T.
7760#|tPuntledge River high temperature study : |w(CaOODSP)9.617628
830#0|aCanadian technical report of fisheries and aquatic sciences,|x1488-5379|vNo. 2603|w(CaOODSP)9.504449
85640|ahttp://publications.gc.ca|qPDF|s2.13 MB|uhttps://publications.gc.ca/collections/collection_2012/mpo-dfo/Fs97-6-2603-eng.pdf|yNo. 2603